00572nam a22001817a 450000500170000001000150001702000270003203500140005903700090007308200140008210000200009624500950011626000460021127000440025730000320030170000270033370000300036020250602123649.0 aENG-145109 c3510.00a9788181714152 aEN-128641 aDBAD a954.3621 aRaghunathan, C  aFaviids of Andaman and Nicobar Islands/cC Raghunathan; Tamal Mondal [and] K. Venkataraman aKolkatabZoological Survey of Indiac2015 aM-Block, New Alipore, bKolkatae700053 a358p. c22cm(hb)bill., col aMondal, Tamal eAuthor aVenkataraman, K. eAuthor